Регионална библиотека "Любен Каравелов" - Русе

Режисьорите на 90-те (Запис номер 99910)

MARC детайли
000 -Лидер
Контролно поле с фиксирана дължина 01882nam a2200397 c 4500
003 - Код на организацията, давaща контролен номер
Контролно поле BLK
005 - Дата и час на последна редакция
Контролно поле 20180422105311.0
008 - Елементи от данни с фиксирана дължина
fixed length control field 180409b bul|||||r ||||||| ||bul||
010 ## - Наследен системен номер
LC control number KNG00104926000
020 ## - Международен стандартен номер на книга ISBN
Международен стандартен номер на книга ISBN 954-9928-06-3
-- издат.: Валентин Траянов - (Валентин Траянов)
040 ## - Източник на каталожния запис
Идентификатор на билиотеката - собственик на записа BLK
041 ## - Код за език
Код за езика на текст/звукозапис или на отделно заглавие Български
Код за езика КДБФ Български
080 ## - УДК
Текстов определител УДК Драматични театри. Театри за драма и комедия. Вж и 82-2
УДК код - определител по УДК 792.2
УДК определител .071.1(497.2)(092)(047.53)
УДК - код + определител 792.2.071.1(497.2)(092)(047.53)
080 ## - УДК
Текстов определител УДК Биографии
УДК код - определител по УДК 929
УДК определител (497.2)
УДК - код + определител 929(497.2)
139 ## - Редно поле
Редна дума Режисьорите на 90-те
Авторски знак Ред - Р 45
245 10 - Сведения за заглавието
Заглавие Режисьорите на 90-те
Редно поле (дума) разговорите води Никола Иванов Вандов; съавт. Виолета Атанасова Дечева.
257 ## - Страна на издаване
Страна на създаване/издаване България
260 ## - Област на издателските данни
-- София
Име на издателя, разпространителя и проч. Валентин Траянов
-- Фонд. Пространство култура
Година на издаване 2003
Печатница София : Аси Панчо Цекин
300 ## - Физическа характеристика
Страници 320 с.
Илюстрации и др. с портр.
Размери/Мащаб 24 см
380 ## - Жанр
Жанр Изкуство
500 ## - Общи забележки
Забележка Съдържа и За авт. - Именен показалец, Показалец на пиеси и спектакли
650 #4 - Допълнително описание по предмет – тема
Основно описание – тема или топоним Режисьори, български
9 (RLIN) 262647
650 #4 - Допълнително описание по предмет – тема
Основно описание – тема или топоним Режисура, театрална
9 (RLIN) 255083
650 #4 - Допълнително описание по предмет – тема
Основно описание – тема или топоним Театроведи, български - спомени
9 (RLIN) 266077
653 ## - Ключова дума – ненормативна
Ключова дума режисьори
653 ## - Ключова дума – ненормативна
Ключова дума постановки
653 ## - Ключова дума – ненормативна
Ключова дума режисура
653 ## - Ключова дума – ненормативна
Ключова дума български театър
700 1# - Други автори (авторска отговорност)
Лично име Вандов, Никола Иванов
Автороска отговорност (Описва отношението между автора и произведението) разговорите води
9 (RLIN) 370728
700 1# - Други автори (авторска отговорност)
Лично име Дечева, Виолета Атанасова
Автороска отговорност (Описва отношението между автора и произведението) съавт.
9 (RLIN) 374599
852 ## - Местоположение
Форматна сигнатура Цб 214021
856 4# - Електронен адрес и достъп
Електронен формат pdf - файл
Път до файла /url/
856 4# - Електронен адрес и достъп
Електронен формат pdf - файл
Път до файла /url/
942 ## - АРТИКУЛИ
Вид на библиотечния материал Книги
Скрит в OPAC Не
944 ## - СЪЗДАВАНЕ И РЕДАКЦИЯ на ЗАПИСА
Създаване/Редакция Създаване
Дата на регистрацията/редакция 01.01.2003
Служител, извършил регистрацията/редакцията Геновева_Генчева
944 ## - СЪЗДАВАНЕ И РЕДАКЦИЯ на ЗАПИСА
Създаване/Редакция Редакция
Дата на регистрацията/редакция 11.03.2004
Служител, извършил регистрацията/редакцията
999 ## - СИСТЕМНИ КОНТРОЛНИ НОМЕРА
Koha biblionumber 99910
Koha biblioitemnumber 99910
Наличности
Код за отписване Код за изгубен артикул Източник на класификационната схема Код за повреда Коз за рестрикции Код за отдаване Артикулен № Име на библиотеката - собственик Име на библиотеката, в която се намира в момента Статус (Текущо местоположение) Дата на вписване в системата Местоположение - отдел Цена в лева Инвентарен номер Систематично азбучна сигнатура Баркод Номер на екземпляра Цена в евро Служебна бележка Служебен тип на артикула
  Не е изгубен Universal Decimal Classification Не е повреден без рестрикции заемане за дома 160934 Регионална библиотека "Любен Каравелов" Русе Регионална библиотека "Любен Каравелов" Русе Отдел Изкуство - подръчен фонд 2003-02-12 Отдел Изкуство - подръчен фонд 6.00 120000674682 792(497.2)(092)/Р 45 120000674682 1 3.07 Дост: Pk Вид: Ф N: 8608 Дата: 11.02.2003 Дата инв: 18.06.2012 Бележки инв: * Книги
  Не е изгубен Universal Decimal Classification Не е повреден само за читалня ползва се в читалня 160935 Регионална библиотека "Любен Каравелов" Русе Регионална библиотека "Любен Каравелов" Русе Хранилище 2004-02-17 Хранилище 6.00 120000682765 Цб 214021 120000682765 2 3.07 Дост: Dp Вид: Д N: 12 Дата: 05.03.2003 Книги
Vip Innovations Ltd, Rousse, Bulgaria 2025